Nielen evidovať, ale najmä riadiť

Efektívne riešenie riadenia skladu - WMS Warehouse management system. Optimalizácia riadenia skladu. Trendom pri moderných WMS je využívanie EDI. Priama komunikácia s dodávateľmi, resp. odberateľmi o tovare a o dodávkach.

Uložené v:
Podrobná bibliografia
Hlavný autor: Oravec, Jozef
Médium: Kapitola
Jazyk:Slovak
Predmet:
Tagy: Pridať tag
Žiadne tagy, Buďte prvý, kto otaguje tento záznam!

MARC

LEADER 00000naa a2200000 4500
001 0181583
005 20231011073415.8
041 0 |a slo 
044 |a CZ 
245 1 0 |a Nielen evidovať, ale najmä riadiť  |c Jozef Oravec 
520 |a Efektívne riešenie riadenia skladu - WMS Warehouse management system. Optimalizácia riadenia skladu. Trendom pri moderných WMS je využívanie EDI. Priama komunikácia s dodávateľmi, resp. odberateľmi o tovare a o dodávkach. 
610 2 0 |a sklady 
610 2 0 |a riadenie 
610 2 0 |a technológie informačné 
610 2 0 |a technológie komunikačné 
610 2 0 |a systémy informačné logistické 
100 1 |a Oravec, Jozef